FOREIGN EXCHANGE INTERVENTION AS A MONET (Record no. 11485)
[ view plain ]
| 000 -LEADER | |
|---|---|
| fixed length control field | 00355nam a2200133Ia 4500 |
| 008 - FIXED-LENGTH DATA ELEMENTS--GENERAL INFORMATION | |
| fixed length control field | 240624s9999 xx 000 0 und d |
| 041 ## - LANGUAGE CODE | |
| Language code of text/sound track or separate title | eng |
| 082 ## - DEWEY DECIMAL CLASSIFICATION NUMBER | |
| Classification number | 332.4564 HUF |
| 100 ## - MAIN ENTRY--PERSONAL NAME | |
| Personal name | HUFNER FELIX |
| 245 ## - TITLE STATEMENT | |
| Title | FOREIGN EXCHANGE INTERVENTION AS A MONET |
| 260 ## - PUBLICATION, DISTRIBUTION, ETC. | |
| Date of publication, distribution, etc. | 2004 |
| Place of publication, distribution, etc. | Germany |
| Name of publisher, distributor, etc. | Physica-Verlag |
| 300 ## - PHYSICAL DESCRIPTION | |
| Extent | ix, : 175 : p. : cm. ; 23 |
| 365 ## - TRADE PRICE | |
| Currency code | ERU |
| Price amount | 30 |
| Withdrawn status | Lost status | Damaged status | Not for loan | Home library | Current library | Shelving location | Date acquired | Source of acquisition | Cost, normal purchase price | Total Holds | Full call number | Barcode | Date last seen | Copy number | Price effective from | Koha item type |
|---|---|---|---|---|---|---|---|---|---|---|---|---|---|---|---|---|
| IMTN | IMTN | Rack 7-B | 10/22/2008 | IBH | 37.95 | 1701 | 332.4564 HUF | 11485 | 06/24/2024 | 69.1 | 06/24/2024 | Books |